Language Quiz

Random Language or Letter Quiz
Score 0/25 Timer 04:00
5 Plays Today
% Correct
exorcist
90.7%
exodus
89.7%
saxophone
89.5%
exoskeleton
88.7%
exosphere
87.7%
Luxor
87.6%
exoneration
87%
buxom
85.2%
exotic
85%
exothermic
83.4%
exorbitant
82.2%
Saxony
82.1%
taxonomy
78.7%
% Correct
flexor
78.7%
inexorable
78.2%
toxoplasmosis
77.8%
reflexology
76.5%
toxoid
76.2%
klaxon
72.6%
axolotl
70.7%
quixotic
69.3%
axon
67.1%
exonym
64.4%
flexography
63.4%
doxology
51.6%
Remove Ads.
Support Sporcle.
Get the best of Sporcle when you Go Orange. This ad-free experience offers more features, more stats, and more fun while also helping to support Sporcle. Thank you for becoming a member.

You're not logged in!

Compare scores with friends on all Sporcle quizzes.
OR
Log In

Show Comments

Extras

Top Quizzes Today


Score Distribution

Your Account Isn't Verified!

In order to create a playlist on Sporcle, you need to verify the email address you used during registration. Go to your Sporcle Settings to finish the process.

Report this User

Report this user for behavior that violates our Community Guidelines.

Details: